000 01184nam a2200337 i 4500
003 EG-GICUC
005 20260423120142.0
008 260423s1966 fr ||||fr|||| 001 0 fre d
040 _aEG-GiCUC
_bfre
_cEG-GiCUC
_dEG-GiCUC
_eRda
041 0 _afre
082 0 4 _221
_a343.3754
_bRI . N
092 0 4 _221
099 _aLaw1 10 343.3754 RI . N 1966
100 1 _aRigaux . François
_eAuteur
245 1 3 _aLa Nature Du Contrôle De La Cour De Cassation /
_cFrançois Rigaux , Jean Dabin .
264 1 _aBruxelles :
_bÉtablissements Émile Bruylant ,
_c1966 .
300 _a482 page ;
_c 24 cm.
336 _2rda contenu
_a texte
337 _2rda medias
_aOrdinateur
338 _2 transporteur rda
_a Ressource en ligne
490 _aBibliotheque De La Faculté De Droit De L'universite Catholique De Louvain ;
_v2
500 _aIl comprend un index alphabétique
546 _aTexte en français
650 1 4 _aProcédures devant la Cour de cassation
_2qrmak
650 1 4 _aCour de cassation
651 1 _2qrmak
700 1 _a Dabin . Jean
_ePréfacier
856 4 0 _uhttps://fll.law.cu.edu.eg/fulltext/bks/B10-10721.pdf
905 _a165
942 _2ddc
_cBK
_e21
_n0
999 _c73004
_d73004